00684nam a2200229 a 4500001001300000003000900013005001700022008004100039020001000080082001300090245004600103260004900149300000800198500003500206505002600241650001300267710003000280902000800310942000700318952011400325999001500439nice12345678IN_TiNIC20260116012922.0050524s0000 swia grp 000 0 eng  ac10000a266bWCC aYou Will Be Done Mission in Christ`s Way. aSwitzerlandbWorld Council of Churchesc0000 a80p aincludes index and biblioraphy2 aPublication Date 1988 aMissions2 aWorld Council of Churches bSRS cBK 001040708StackRoom-aHMIbHMId2007-07-11g100.00l0o266 WCCp012968r2007-07-11v100.00w2005-05-24yBK c8890d8890